000 00449nam a22001697a 4500
005 20180820153947.0
008 160524b xxu||||| |||| 00| 0 eng d
020 _a81-7446-326-7
041 _aeng
082 _b4625
_a658.4012
100 _aKumar, Manoj & Mishra, Prashant
_91148
245 _aStrategic Marketing in the Global Economy
260 _aNew Delhi
_bAcademic Faundation
300 _a563p,
650 _aManagement
_9241
942 _cBK
999 _c1561
_d1560